Sentimens des catholiques de France, sur le memoire au sujet des mariages clandestins des protestans

Detalles Bibliográficos
Formato: Libro
Lenguaje:French
Publicado: s.l. 1756
Materias:
Colección:Banco de datos
Acervo:Biblioteca Armando Olivares Carrillo de la Universidad de Guanajuato. Fondo Conventos
Descripción Física:14 p. 4°
Tema general:Apologética
LEADER 00513nam a22001690004500
035 |a 1375 
041 0 |a fre 
050 4 |a BT1100  |b R5 
245 1 0 |a Sentimens des catholiques de France, sur le memoire au sujet des mariages clandestins des protestans 
260 |a s.l.  |b s.n.  |c 1756 
300 |a 14 p.  |c 4° 
501 |a 6 obras 
650 1 0 |a Apologética 
949 |a CO. 2419-C 
942 |c GUANAJUATO 
943 |g Biblioteca Armando Olivares Carrillo de la Universidad de Guanajuato. Fondo Conventos 
999 |c 1145332  |d 1145332